Kamus Za'ba (Record no. 57334)

MARC details
000 -LEADER
fixed length control field 00598nam a2200229 i 4500
001 - CONTROL NUMBER
control field C2-0242598
003 - CONTROL NUMBER IDENTIFIER
control field PPAK
005 - DATE AND TIME OF LATEST TRANSACTION
control field 20180727204545.0
008 - FIXED-LENGTH DATA ELEMENTS--GENERAL INFORMATION
fixed length control field 021001s2001 my |||| ||||| | may d
020 ## - INTERNATIONAL STANDARD BOOK NUMBER
International Standard Book Number 9832386101
040 ## - CATALOGING SOURCE
Original cataloging agency PPAK
Language of cataloging eng
Transcribing agency PPAK
Description conventions rda
082 04 - DEWEY DECIMAL CLASSIFICATION NUMBER
Classification number 499.283
Edition number 23
090 00 - LOCALLY ASSIGNED LC-TYPE CALL NUMBER (OCLC); LOCAL CALL NUMBER (RLIN)
Classification number (OCLC) (R) ; Classification number, CALL (RLIN) (NR) 499.283
Feature heading KAM
Feature heading R
245 00 - TITLE STATEMENT
Title Kamus Za'ba
264 #1 - PRODUCTION, PUBLICATION, DISTRIBUTION, MANUFACTURE, AND COPYRIGHT NOTICE
Place of production, publication, distribution, manufacture [Selangor] :
Name of producer, publisher, distributor, manufacturer Pustaka Antara ,
Date of production, publication, distribution, manufacture, or copyright notice 2001
300 ## - PHYSICAL DESCRIPTION
Extent xx, 1265 pages ;
Dimensions 22 cm
336 ## - CONTENT TYPE
Source rdacontent
Content type term text
337 ## - MEDIA TYPE
Source rdamedia
Media type term unmediated
338 ## - CARRIER TYPE
Source rdacarrier
Carrier type term volume
650 10 - SUBJECT ADDED ENTRY--TOPICAL TERM
Topical term or geographic name entry element Malay language - Dictionaries
942 ## - ADDED ENTRY ELEMENTS (KOHA)
-- dc
Koha item type Book
Holdings
Withdrawn Not for loan Current library Shelving location Date acquired Full call number Barcode Date last seen Koha item type
  Not For Loan Perpustakaan Alor Setar Rujukan Dewasa 05/10/2006 R 499.283 KAM A01130404 08/05/2018 Book
  Not For Loan Perpustakaan Alor Setar Rujukan Dewasa 11/01/2007 R 499.283 KAM A01133449 08/05/2018 Book
  Not For Loan Perpustakaan Awam Sungai Petani Rujukan Dewasa 05/10/2006 R 499.283 KAM A01130405 08/05/2018 Book
  Not For Loan Perpustakaan Baling Rujukan Dewasa 05/10/2006 R 499.283 KAM A01130407 08/05/2018 Book
  Not For Loan Perpustakaan Bandar Baharu Rujukan Dewasa 05/10/2006 R 499.283 KAM A01130408 08/05/2018 Book
  Not For Loan Perpustakaan Jitra Rujukan Dewasa 05/10/2006 R 499.283 KAM A01130406 08/05/2018 Book
  Not For Loan Perpustakaan Kulim Rujukan Dewasa 18/03/2003 R 499.283 KAM A01022410 08/05/2018 Book
  Not For Loan Perpustakaan Kulim Rujukan Dewasa 18/03/2003 R 499.283 KAM A01022411 08/05/2018 Book
  Not For Loan Perpustakaan Merbok Rujukan Dewasa 22/02/2006 R 499.283 KAM A01112512 08/05/2018 Book
  Not For Loan Perpustakaan Merbok Rujukan Dewasa 22/02/2006 R 499.283 KAM A01112513 08/05/2018 Book